Diseño de sistemas para enfrentar conflictos: una guía para crear organizaciones productivas y sanas

Guardat en:
Dades bibliogràfiques
Autors principals: Costantino, Cathy A (Autor), Merchant, Christina Sickles (Autor)
Format: Llibre
Idioma:espanyol
Publicat: Barcelona Juan Granica 1997
Col·lecció:Mediación
Matèries:
Etiquetes: Afegir etiqueta
Sense etiquetes, Sigues el primer a etiquetar aquest registre!

MARC

LEADER 00000nam a2200000 a 4500
001 UCK6910
003 CL-VaPUC
008 051021e19970000SP |||||||||||||||||spa|d
020 |a 8475775039 
082 0 4 |a 303.69  |b COS  |2 21 
100 0 |a Costantino, Cathy A  |e author  |9 496424 
700 0 |a Merchant, Christina Sickles  |e author  |9 496425 
245 1 0 |a Diseño de sistemas para enfrentar conflictos: una guía para crear organizaciones productivas y sanas 
300 |a 380 p 
942 |c BK 
945 |d 20051021 00:00:00  |a jcarroza 
260 |a Barcelona  |b Juan Granica  |c 1997 
650 0 |a Mediación  |9 338396 
650 0 |a Solución de conflictos  |9 266729 
650 0 |a Organizaciones  |9 337993 
583 |a last modification  |c 20051021 00:00:00  |k Rodrigo Vera 
490 0 |a Mediación 
999 |c 315046  |d 315044 
952 |0 0  |1 0  |4 0  |6 303_690000000000000_COS_1997  |7 0  |8 A  |9 387947  |a BIBDER  |b BIBDER  |d 2019-11-22  |i 4176200  |o 303.69 COS 1997  |p 4176200  |r 2023-01-25  |w 2019-11-22  |y BK  |k DER